| 000 | 01218nam a2200289 i 4500 | ||
|---|---|---|---|
| 003 | EG-ScBUE | ||
| 005 | 20231031114351.0 | ||
| 008 | 110816s1967 ua af b 000 0bara d | ||
| 017 | _a1976 / 5420 | ||
| 020 | _a9772011963 | ||
| 040 |
_aEG-ScBUE _bara _erda _cEG-ScBUE _dEG-ScBUE |
||
| 082 | 0 | 4 |
_222 _a907.202092 _bك ر ي |
| 100 | 1 |
_926753 _aعبد الكريم، أحمد عزت، _eمؤلف. |
|
| 245 | 1 | 0 |
_aعبد الرحمن الجبرتي : _bدراسات وبحوث / _cإشراف الدكتور أحمد عزت عبد الكريم. |
| 264 | 1 |
_aالقاهرة : _bالهيئة المصرية العامة للكتاب، _c1976. |
|
| 300 |
_a636 صفحة ؛ _c24 سم. |
||
| 336 |
_2rdacontent _aنص _btxt |
||
| 337 |
_2rdamedia _aبدون وسيط _bn |
||
| 338 |
_2rdacarrier _aمجلد _bnc |
||
| 490 | 0 | _aالمكتبة العربية | |
| 504 | _aيشتمل على إرجاعات ببليوجرافية. | ||
| 600 | 1 | 7 |
_2BUEsh _aالجبرتي، عبد الرحمن بن حسن، _d1167-1237 هـ، |
| 650 | 7 |
_aالمؤرخون العرب _vتراجم. _2BUEsh |
|
| 655 | _vReading book | ||
| 711 | 2 |
_aندوة عن عبد الرحمن الجبرتي _d(1974 : _cالقاهرة) |
|
| 942 |
_2ddc _cBB |
||
| 999 |
_c15855 _d15855 |
||